000 00754cam a2200217 a 4500
020 _a0789706857 (pbk.) :
040 _cKy
082 0 0 _a005 QUE 1996 A005 Or.
100 1 _aSanna, Paul J.
245 1 0 _aUsing Windows NT Workstation 3.51 /
246 3 0 _aWindows NT Workstation 3.51
246 3 _aUsing Windows NT Workstation three point five one
250 _aSpecial ed.
260 _aIndianapolis :
_bQue,
_cc1996.
300 _axxxiii, 801 p. :
_bill. ;
_c23 cm. +
_e1 computer laser optical disc (4 3/4 in.)
500 _aIncludes index.
500 _a"Covers: Version 3.51 for Windows NT (Intel x86, MIPS, Digital Alpha Axp, PowerPC)"--P. [4] of cover.
650 0 _aOperating systems (Computers)
700 1 _aDaily, Sean K.
942 _cEK
999 _c12923
_d12923